Financovanie základných a stredných škôl

Pojem vzdelanie. Zdroje financovania verejných škôl a verejných školských zariadení. Zdroje financovania cirkevných škôl a súkromných škôl.

Na minha lista:
Detalhes bibliográficos
Autor principal: Tichý, Miroslav
Formato: Capítulo de Livro
Idioma:eslovaco
Assuntos:
Tags: Adicionar Tag
Sem tags, seja o primeiro a adicionar uma tag!

MARC

LEADER 00000naa a2200000 4500
001 0162892
005 20231120123855.8
041 0 |a slo 
044 |a SK 
245 1 0 |a Financovanie základných a stredných škôl  |c Miroslav Tichý 
520 |a Pojem vzdelanie. Zdroje financovania verejných škôl a verejných školských zariadení. Zdroje financovania cirkevných škôl a súkromných škôl. 
610 2 0 |a školy základné 
610 2 0 |a školy stredné 
610 2 0 |a vzdelávanie 
610 2 0 |a politika školská 
100 1 |a Tichý, Miroslav